Every NRL Hat-Trick - Statistics

General Stats
  • This quiz has been taken 49 times
    9 since last reset
  • The average score is 145 of 350
Answer Stats
Round For Answer % Correct
16, 2025 Rabbitohs * Alex Johnston
100%
13, 2025 Rabbitohs Alex Johnston
100%
22, 2023 Rabbitohs Alex Johnston
100%
14, 2023 Rabbitohs Alex Johnston
100%
18, 2022 Rabbittohs Alex Johnston
100%
14, 2022 Rabbitohs Alex Johnston
100%
12, 2022 Rabbitohs Alex Johnston
100%
24, 2021 Rabbitohs Alex Johnston
100%
17, 2021 Rabbitohs Alex Johnston
100%
14,2021 Rabbitohs Alex Johnston
100%
12, 2021 Rabbitohs Alex Johnston
100%
20, 2020 Rabbitohs Alex Johnston
100%
12, 2020 Rabbitohs Alex Johnston
100%
24, 2017 Rabbitohs Alex Johnston
100%
17, 2017 Rabbitohs * Alex Johnston
100%
21, 2014 Rabbitohs Alex Johnston
100%
9, 2015 Roosters Anthony Tupou
100%
14, 2024 Panthers Brian To'o
100%
PF, 2023 Panthers Brian To'o
100%
25, 2021 Panthers Brian To'o
100%
24, 2025 Roosters Daniel Tupou
100%
23, 2021 Roosters Daniel Tupou
100%
25, 2015 Roosters Daniel Tupou
100%
12, 2014 Roosters Daniel Tupou
100%
6, 2023 Panthers Dylan Edwards
100%
QF, 2021 Knights Enari Tuala
100%
20, 2021 Knights Enari Tuala
100%
27, 2025 Dolphins Hamiso Tabuai-Fidow
100%
17, 2025 Dolphins * Hamiso Tabuai-Fidow
100%
6, 2025 Dolphins Hamiso Tabuai-Fidow
100%
2, 2024 Dolphins Hamiso Tabuai-Fidow
100%
9, 2025 Bulldogs Jacob Kiraz
100%
20, 2022 Bulldogs Jacob Kiraz
100%
27, 2025 Eels Josh Addo-Carr
100%
6, 2024 Bulldogs Josh Addo-Carr
100%
27, 2023 Bulldogs Josh Addo-Carr
100%
19, 2022 Bulldogs Josh Addo-Carr
100%
14, 2022 Bulldogs Josh Addo-Carr
100%
16, 2021 Storm Josh Addo-Carr
100%
10, 2021 Storm Josh Addo-Carr
100%
9, 2021 Storm * Josh Addo-Carr
100%
9, 2018 Storm Josh Addo-Carr
100%
25, 2017 Storm Josh Addo-Carr
100%
2, 2020 Broncos Kotoni Staggs
100%
6,2023 Rabbitohs Latrell Mitchell
100%
8, 2019 Roosters Latrell Mitchell
100%
25, 2018 Roosters Latrell Mitchell
100%
20, 2018 Roosters Latrell Mitchell
100%
1, 2017 Roosters Latrell Mitchell
100%
27, 2025 Roosters Mark Nawaqanitawase
100%
26, 2025 Roosters * Mark Nawaqanitawase
100%
23, 2025 Roosters Mark Nawaqanitawase
100%
27, 2025 Eels Mitchell Moses
100%
21, 2024 Panthers Nathan Cleary
100%
10, 2021 Panthers Nathan Cleary
100%
QF, 2020 Panthers Nathan Cleary
100%
25, 2019 Panthers * Nathan Cleary
100%
19, 2017 Panthers Nathan Cleary
100%
SF, 2025 Panthers Paul Alamoti
100%
2, 2026 Storm Sualauvi Fa'alogo
100%
25, 2024 Roosters Angus Crichton
67%
15, 2017 Rabbitohs Angus Crichton
67%
24, 2016 Raiders * Brenko Lee
67%
11, 2019 Sharks Bronson Xerri
67%
21, 2022 Storm Cameron Munster
67%
22, 2015 Storm Cameron Munster
67%
5, 2019 Rabbitohs * Cody Walker
67%
26, 2024 Warriors Dallin Watene-Zelezniak
67%
25, 2023 Warriors Dallin Watene-Zelezniak
67%
17, 2023 Warriors * Dallin Watene-Zelezniak
67%
24, 2024 Roosters Dominic Young
67%
5, 2023 Knights * Dominic Young
67%
16, 2022 Knights Dominic Young
67%
20, 2015 Rabbitohs Dylan Walker
67%
9, 2014 Rabbitohs * Dylan Walker
67%
16, 2022 Knights * Edrick Lee
67%
23, 2025 Raiders Ethan Strange
67%
GF, 2023 Broncos Ezra Mam
67%
25, 2023 Knights Greg Marzhew
67%
13, 2023 Knights Greg Marzhew
67%
QF, 2024 Storm Harry Grant
67%
PF, 2024 Storm Jahrome Hughes
67%
27, 2024 Storm Jahrome Hughes
67%
9, 2024 Dolphins Jamayne Isaako
67%
23, 2023 Dolphins Jamayne Isaako
67%
6, 2023 Dolphins Jamayne Isaako
67%
9, 2022 Roosters James Tedesco
67%
1, 2021 Roosters James Tedesco
67%
5, 2020 Roosters James Tedesco
67%
2, 2016 Tigers James Tedesco
67%
18, 2024 Sea Eagles Jason Saab
67%
25, 2023 Sea Eagles Jason Saab
67%
16, 2021 Sea Eagles Jason Saab
67%
9, 2021 Sea Eagles Jason Saab
67%
3, 2022 Cowboys Jeremiah Nanai
67%
17, 2022 Sharks Jesse Ramien
67%
18, 2025 Raiders Kaeo Weekes
67%
17, 2020 Knights Kalyn Ponga
67%
21, 2024 Cowboys Kyle Feldt
67%
8, 2022 Cowboys Kyle Feldt
67%
20, 2020 Cowboys Kyle Feldt
67%
24, 2018 Cowboys Kyle Feldt
67%
24, 2015 Cowboys Kyle Feldt
67%
5, 2024 Bulldogs Matt Burton
67%
11, 2021 Panthers Matt Burton
67%
22, 2024 Cowboys Murray Taulagi
67%
18, 2023 Cowboys Murray Taulagi
67%
11, 2021 Cowboys Murray Taulagi
67%
3, 2025 Sea Eagles * Reuben Garrick
67%
15, 2023 Sea Eagles Reuben Garrick
67%
22, 2021 Sea Eagles Reuben Garrick
67%
15, 2021 Sea Eagles Reuben Garrick
67%
18, 2019 Sea Eagles Reuben Garrick
67%
26, 2025 Sharks Ronaldo Mulitalo
67%
19, 2024 Sharks Ronaldo Mulitalo
67%
10, 2025 Storm * Ryan Papenhuyzen
67%
4, 2022 Storm Ryan Papenhuyzen
67%
25, 2021 Storm Ryan Papenhuyzen
67%
4, 2021 Storm * Ryan Papenhuyzen
67%
1, 2025 Broncos Selwyn Cobbo
67%
26, 2023 Broncos Selwyn Cobbo
67%
18, 2023 Broncos Selwyn Cobbo
67%
10, 2023 Broncos Selwyn Cobbo
67%
22, 2022 Broncos Selwyn Cobbo
67%
10, 2022 Broncos Selwyn Cobbo
67%
19, 2023 Sharks Sione Katoa
67%
14, 2022 Sharks Sione Katoa
67%
6, 2020 Sharks Sione Katoa
67%
7, 2022 Panthers Stephen Chrichton
67%
8, 2023 Panthers Stephen Crichton
67%
7, 2020 Storm Suliasi Vunivalu
67%
2, 2019 Storm Suliasi Vunivalu
67%
25, 2017 Storm Suliasi Vunivalu
67%
24, 2016 Storm * Suliasi Vunivalu
67%
17, 2016 Storm Suliasi Vunivalu
67%
14, 2016 Storm Suliasi Vunivalu
67%
14, 2025 Panthers Thomas Jenkins
67%
25, 2024 Sea Eagles Tom Trbojevic
67%
12, 2023 Sea Eagles Tom Trbojevic
67%
25, 2021 Sea Eagles Tom Trbojevic
67%
24, 2021 Sea Eagles Tom Trbojevic
67%
20, 2021 Sea Eagles Tom Trbojevic
67%
16, 2021 Sea Eagles Tom Trbojevic
67%
15, 2021 Sea Eagles Tom Trbojevic
67%
23, 2018 Sea Eagles Tom Trbojevic
67%
1, 2024 Dragons Tyrell Sloan
67%
24, 2024 Cowboys Valentine Holmes
67%
25, 2022 Cowboys Valentine Holmes
67%
12, 2018 Sharks Valentine Holmes
67%
10, 2016 Sharks * Valentine Holmes
67%
8, 2023 Sharks William Kennedy
67%
2, 2023 Sharks William Kennedy
67%
27, 2024 Storm Will Warbrick
67%
25, 2023 Storm Will Warbrick
67%
16, 2023 Storm * Will Warbrick
67%
20, 2025 Storm Xavier Coates
67%
11, 2025 Storm Xavier Coates
67%
8, 2024 Storm Xavier Coates
67%
26, 2023 Storm Xavier Coates
67%
20, 2023 Storm Xavier Coates
67%
6, 2023 Storm Xavier Coates
67%
QF, 2022 Storm Xavier Coates
67%
8, 2022 Storm Xavier Coates
67%
7, 2022 Storm * Xavier Coates
67%
2, 2016 Rabbitohs Aaron Gray
33%
9, 2017 Sea Eagles * Akuila Uate
33%
13, 2014 Knights Akuila Uate
33%
25, 2024 Titans Alofiana Khan-Pereira
33%
16, 2024 Titans * Alofiana Khan-Pereira
33%
7, 2016 Broncos Anhtony Milford
33%
17, 2017 Titans Anthony Don
33%
9, 2015 Titans Anthony Don
33%
24, 2014 Broncos Ben Barba
33%
19, 2023 Bulldogs Blake Wilson
33%
18, 2023 Knights Bradman Best
33%
15, 2023 Eels Clinton Gutherson
33%
9, 2023 Eels Clinton Gutherson
33%
21, 2024 Bulldogs Connor Tracy
33%
5, 2022 Broncos Corey Oates
33%
25, 2018 Broncos * Corey Oates
33%
23, 2018 Broncos Corey Oates
33%
23, 2016 Broncos Corey Oates
33%
1, 2023 Sea Eagles Daly Cherry-Evans
33%
12, 2021 Rabbitohs Dane Gagai
33%
9, 2020 Rabbitohs Dane Gagai
33%
14, 2016 Broncos Darius Boyd
33%
16, 2015 Panthers * David Simmons
33%
12, 2025 Knights Dylan Lucas
33%
9, 2025 Knights Fletcher Sharpe
33%
26, 2024 Knights Fletcher Sharpe
33%
23, 2024 Knights* Fletcher Sharpe
33%
20, 2015 Rabbitohs Greg Inglis
33%
23, 2014 Rabbitohs Greg Inglis
33%
1, 2014 Rabbitohs Greg Inglis
33%
15, 2025 Dolphins * Jack Bostock
33%
7, 2024 Dolphins Jack Bostock
33%
19, 2024 Rabbitohs Jacob Gagai
33%
26, 2025 Bulldogs Jacob Preston
33%
20, 2016 Raiders Jarrod Croker
33%
22, 2018 Eels Jarryd Hayne
33%
2, 2025 Broncos Jesse Arthars
33%
21, 2014 Warriors Manu Vatuvei
33%
25, 2019 Bulldogs Nick Meaney
33%
8, 2021 Storm Remis Smith
33%
24, 2018 Bulldogs Remis Smith
33%
15, 2018 Rabbitohs * Robbert Jennings
33%
18, 2018 Rabbitohs Robert Jennings
33%
3, 2018 Rabbitohs Robert Jennings
33%
22, 2015 Roosters Roger Tuivasa-Sheck
33%
2, 2025 Tigers Sunia Turuva
33%
4, 2024 Panthers Sunia Turuva
33%
25, 2021 Roosters Adam Keighran
0%
20, 2020 Warriors Adam Keighran
0%
13, 2023 Raiders Albert Hopoate
0%
2, 2014 Roosters Anthony Minichiello
0%
20, 2016 Cowboys Antonio Winterstein
0%
22, 2021 Raiders Bailey Simonsson
0%
22, 2017 Broncos Ben Hunt
0%
25, 2015 Broncos Ben Hunt
0%
26, 2016 Eels Bevan French
0%
25, 2016 Eels Bevan French
0%
17, 2016 Eels Bevan French
0%
18, 2015 Raiders Blake Austin
0%
10, 2017 Roosters Blake Ferguson
0%
9, 2016 Roosters Blake Ferguson
0%
17, 2019 Eels Brad Takairangi
0%
25, 2015 Roosters Brendan Elliott
0%
2, 2021 Roosters Brett Morris
0%
1, 2021 Roosters Brett Morris
0%
7, 2020 Roosters Brett Morris
0%
20, 2019 Roosters Brett Morris
0%
16, 2016 Bulldogs Brett Morris
0%
23, 2014 Dragons Brett Morris
0%
25, 2022 Sharks Briton Nikora
0%
24, 2017 Storm Brodie Croft
0%
1, 2017 Rabbitohs Bryson Goodwin
0%
8, 2015 Eels Bureta Faraimo
0%
9, 2023 Rabbitohs Campbell Graham
0%
6, 2023 Rabbitohs Campbell Graham
0%
21, 2019 Rabbitohs Campbell Graham
0%
25, 2014 Knights Chanel Mata'utia
0%
9, 2021 Panthers Charlie Staines
0%
9, 2020 Panthers * Charlie Staines
0%
19, 2024 Dragons Christian Tuipulotu
0%
11, 2019 Titans Dale Copley
0%
6, 2022 Rabbitohs Damien Cook
0%
11, 2014 Titans Dave Taylor
0%
11, 2024 Knights David Armstrong
0%
7, 2021 Titans David Fifita
0%
5, 2021 Titans David Fifita
0%
24, 2018 Warriors David Fusitu'a
0%
14, 2018 Warriors David Fusitu'a
0%
1, 2017 Warriors David Fusitu'a
0%
14, 2016 Warriors * David Fusitu'a
0%
11, 2021 Broncos David Mead
0%
17, 2020 Tigers David Nofoaluma
0%
23, 2019 Tigers David Nofoaluma
0%
20, 2021 Storm Dean Ieremia
0%
20, 2022 Warriors Edward Kosi
0%
13, 2015 Cowboys Gavin Cooper
0%
4, 2014 Warriors * Glen Fisiiahi
0%
5, 2025 Storm grant Anderson
0%
7, 2015 Cowboys Jake Granville
0%
2, 2015 Panthers Jamal Idris
0%
7, 2017 Broncos James Roberts
0%
6, 2015 Titans James Roberts
0%
16, 2017 Dragons Jason NIghtingale
0%
9, 2017 Dragons Jason Nightingale
0%
5, 2017 Dragons Jason Nightingale
0%
17, 2014 Dragons Jason Nightingale
0%
1, 2017 Dragons Joel Thompson
0%
21, 2018 Raiders Joey Leilua
0%
4, 2014 Knights Joey Leilua
0%
22, 2024 Titans Jojo Fifita
0%
25, 2017 Raiders Jordan Rapana
0%
6, 2017 Raiders Jordan Rapana
0%
25, 2016 Raiders Jordan Rapana
0%
8, 2016 Raiders * Jordan Rapana
0%
17, 2015 Sea Eagles Jorge Taufua
0%
13, 2014 Dragons Josh Dugan
0%
8, 2021 Roosters Josh Morris
0%
16, 2019 Sharks Josh Morris
0%
27, 2024 Roosters Junior Pauga
0%
16, 2020 Storm Justin Olam
0%
24, 2019 Storm Justin Olam
0%
10, 2014 Cowboys Kane Linnett
0%
19,2014 Tigers * Keith Lulia
0%
14, 2021 Warriors Ken Maumalo
0%
7, 2021 Warriors Ken Maumalo
0%
7, 2018 Knights Ken Sio
0%
3, 2016 Tigers Kevin Naiqama
0%
27, 2023 Titans Kieran Foran
0%
19, 2015 Broncos Lachlan Maranta
0%
7, 2019 Tigers Mahe Fonua
0%
26, 2024 Eels Maika Sivo
0%
8, 2024 Eels Maika Sivo
0%
10, 2023 Eels Maika Sivo
0%
8, 2020 Eels * maika Sivo
0%
3, 2018 Dragons Matt Dufty
0%
26, 2024 Dragons Matthew Feagai
0%
5, 2015 Cowboys Matthew Wright
0%
22, 2014 Cowboys Matthew Wright
0%
9, 2021 Roosters Matt Ikuvalu
0%
9, 2020 Roosters * Matt Ikuvalu
0%
10, 2015 Cowboys Michael Morgan
0%
18, 2018 Raiders Mihcael Oldfield
0%
23, 2023 Dragons * Mikaele Ravalawa
0%
19, 2023 Dragons Mikaele Ravalawa
0%
1, 2022 Dragons Mikaele Ravalawa
0%
10, 2021 Dragons Mikaele Ravalawa
0%
19, 2021 Sea Eagles Morgan Harper
0%
23, 2022 Roosters * Nat Butcher
0%
16, 2017 Knights Nathan Ross
0%
5, 2015 Sharks * Nathan Stapleton
0%
24, 2019 Tigers Paul Momirovski
0%
5, 2020 Warriors Peta Hiku
0%
22, 2015 Sea Eagles Peta Hiku
0%
8, 2014 Sea Eagles * Peta Hiku
0%
4, 2018 Titans Phillip Sami
0%
17, 2022 Rabbitohs Richard Kennar
0%
8, 2025 Cowboys Robert Derby
0%
1, 2022 Eels Sean Russell
0%
26, 2017 Eels Semi Radradra
0%
25, 2017 Eels * Semi Radradra
0%
2, 2017 Eels * Semi Radradra
0%
10, 2016 Eels Semi Radradra
0%
16, 2015 Eels Semi Radradra
0%
1, 2015 Eels Semi Radradra
0%
1, 2014 Eels Semi Radradra
0%
14, 2023 Cowboys Semi Valemei
0%
SF, 2015 Roosters Shaun Kenny-Dowall
0%
23, 2014 Knights Sione Mata'utia
0%
22, 2014 Storm * Sisa Waqa
0%
17, 2021 Rabbitohs Taane Milne
0%
22, 2022 Dragons Talatau Amone
0%
QF, 2018 Dragons Tariq Sims
0%
8, 2023 Dragons Tautau Moga
0%
23, 2022 Dragons Tautau Moga
0%
3, 2022 Panthers Taylan May
0%
3, 2023 Dolphins Tesi Niu
0%
3, 2018 Dragons Tim Lafai
0%
QF, 2014 Bulldogs Tim Lafai
0%
9, 2014 Bulldogs Tim Lafai
0%
14, 2024 Sea Eagles * Tommy Talau
0%
10, 2016 Panthers Tyrone Peachey
0%
11, 2016 Bulldogs Tyrone Phillips
0%
1, 2014 Eels Vai Toutai
0%
2, 2017 Sharks Wade Graham
0%
11, 2025 Raiders Xavier Savage
0%
14, 2024 Dragons Zac Lomax
0%
No matching quizzes found
Score Distribution
Percent of People with Each Score
Percentile by Number Answered
Your Score History
You have not taken this quiz since the last reset